Normal view
MARC view
- Kraut, Richard
Entry Personal Name
001 - CONTROL NUMBER
- control field: 25963
003 - CONTROL NUMBER IDENTIFIER
- control field: IN-BhIIT
005 - DATE AND TIME OF LATEST TRANSACTION
- control field: 20250411155709.0
008 - FIXED-LENGTH DATA ELEMENTS
- fixed length control field: 250411|| aca||aabn | a|a d
040 ## - CATALOGING SOURCE
- Original cataloging agency: IN-BhIIT
- Transcribing agency: IN-BhIIT
100 ## - HEADING--PERSONAL NAME
- Personal name: Kraut, Richard
670 ## - SOURCE DATA FOUND
- Source citation: Work cat.: (IN-BhIIT)14668: The Cambridge companion to Plato /, 2022.